<?xml version="1.0" encoding="UTF-8"?>
<marc:record xmlns:marc="http://www.loc.gov/MARC21/slim">
   <marc:leader>00000nam a2200000 a 4500</marc:leader>
   <marc:datafield ind1="1" ind2=" " tag="100">
      <marc:subfield code="a">Stecklina, Gerd</marc:subfield>
   </marc:datafield>
   <marc:datafield ind1="1" ind2=" " tag="100">
      <marc:subfield code="a">Funk, Heide</marc:subfield>
   </marc:datafield>
   <marc:datafield ind1="1" ind2=" " tag="100">
      <marc:subfield code="a">Ehlert, Gudrun</marc:subfield>
   </marc:datafield>
   <marc:datafield ind1=" " ind2=" " tag="653">
      <marc:subfield code="a">Sozialarbeit / Geschlecht</marc:subfield>
   </marc:datafield>
   <marc:datafield ind1=" " ind2=" " tag="653">
      <marc:subfield code="a">Sozalarbeit / Wörterbuch</marc:subfield>
   </marc:datafield>
   <marc:datafield ind1=" " ind2=" " tag="653">
      <marc:subfield code="a">Sozialarbeit</marc:subfield>
   </marc:datafield>
   <marc:datafield ind1=" " ind2=" " tag="653">
      <marc:subfield code="a">Geschlechterforschung</marc:subfield>
   </marc:datafield>
   <marc:datafield ind1="0" ind2="0" tag="245">
      <marc:subfield code="a">Wörterbuch Soziale Arbeit und Geschlecht</marc:subfield>
   </marc:datafield>
   <marc:datafield ind1="0" ind2="0" tag="245">
      <marc:subfield code="c">Gudrun Ehlert ; Heide Funk ; Gerd Stecklina</marc:subfield>
   </marc:datafield>
   <marc:datafield ind1=" " ind2="1" tag="264">
      <marc:subfield code="a">Weinheim</marc:subfield>
      <marc:subfield code="b">Juventa</marc:subfield>
      <marc:subfield code="c">2011</marc:subfield>
   </marc:datafield>
   <marc:datafield ind1=" " ind2=" " tag="250">
      <marc:subfield code="a">1. Aufl.</marc:subfield>
   </marc:datafield>
   <marc:datafield ind1="1" ind2=" " tag="520">
      <marc:subfield code="a">Geschlechterfragen gehören zur Praxis und Forschung Sozialer Arbeit seit Beginn ihrer Professionalisierung. So gingen seit den 1970er Jahren feministische Ansätze in die Modernisierung Sozialer Arbeit ein. Und bis heute entwickeln sich aus geschlechtsreflexiven Ansätzen kritische Impulse und neue Arbeitsformen für Praxis und Forschung. Gleichzeitig bleiben diese Praxisansätze und Ergebnisse der Frauen- und Geschlechterforschung in der Theorie- und Professionalisierungsdiskussion der Sozialen Arbeit eher ausgeblendet. Das Wörterbuch enthält Grundbegriffe und Konzepte entlang von vier Gruppen von Stichwörtern. Diese sind so angelegt, dass sie einen Überblick über den Entwicklungsstand in Geschlechtertheorien in ihrem Bezug zu Sozialwissenschaft und Sozialarbeit geben.</marc:subfield>
   </marc:datafield>
   <marc:datafield ind1=" " ind2=" " tag="020">
      <marc:subfield code="a">9783779922438</marc:subfield>
      <marc:subfield code="9">9783779922438</marc:subfield>
   </marc:datafield>
   <marc:datafield ind1=" " ind2=" " tag="300">
      <marc:subfield code="a">546 S.</marc:subfield>
   </marc:datafield>
</marc:record>
